000 00439nam a2200181Ia 4500
008 230524s9999 xx 000 0 und d
020 _a9788126557356
082 _a621.319
_bEKA
100 _aJanaka Ekanayaka
245 0 _aSmart Grid
250 _a1
260 _aNew Delhi
_bWiley
_c2018
300 _a"xii,283p;"
500 _aQuantity Number: 36
650 _aElectrical
700 _aKithsiri Liyanage[etel...]
942 _cBK
999 _c60563
_d60563